Normal view
MARC view
- Buelow H., Deb M., Kasi J. & L'Her D
Entry Personal Name
001 - CONTROL NUMBER
- control field: 191371
003 - CONTROL NUMBER IDENTIFIER
- control field: OSt
005 - DATE AND TIME OF LATEST TRANSACTION
- control field: 20230714213536.0
008 - FIXED-LENGTH DATA ELEMENTS
- fixed length control field: 230714|| aca||aabn | a|a d
040 ## - CATALOGING SOURCE
- Original cataloging agency: OSt
- Transcribing agency: OSt
100 ## - HEADING--PERSONAL NAME
- Personal name: Buelow H., Deb M., Kasi J. & L'Her D
670 ## - SOURCE DATA FOUND
- Source citation: Work cat.: (OSt)200726: Buelow H. 173674, Getting Started With Oracle SOA Suite 11g R1, 2009